00914nam a2200241 a 450000500170000000800410001702000150005804000270007304100080010004400070010808200160011510000210013124500570015224600980020926001070030730000570041450000710047165000280054265000310057065000250060166200210062666200250064720180213145959.0160206t2004 ck ab fr|||| 000 0 eng d a3925064389 aCO-BoIAVH cCO-BoIAVH 0 aeng ack04a305.3bG32g1 aTristán, Flora00aGender and biodiversity :bAyacucho and San Martín aGender and biodiversity: Ayacucho and San MartínbPreliminary results of the research study aHeidelberg :bPrograma de Desarrollo Rural (Centro de la Mujer Peruana Flora Tristán) :bGTZ,c2004. a126 páginas :bIlustraciones, mapas ;c24 x 16 cm. aSubtitle en la cubierta: Preliminary results of the research study16aBiodiversidadxGénero26aAspectos socioeconómicos26aEstudio de comunidad aPerúcAyacucho aPerúcSan Martín